Historia de dos ciudades
Novela histórica ambientada en los turbulentos años de la revolución francesa, donde se relata la historia de los protagonistas en las ciudades de Londres y París, que se encuentran en una situación de tensión por la época. Allí la historias de los personajes se verán envueltas en toda la situación...
Na minha lista:
| Autor principal: | |
|---|---|
| Formato: | Livro |
| Idioma: | Undetermined |
| Publicado em: |
San José, Costa Rica
Editorial Costa Rica
1977
|
| Assuntos: | |
| Tags: |
Adicionar Tag
Sem tags, seja o primeiro a adicionar uma tag!
|
MARC
| LEADER | 00000nam a2200000Ia 4500 | ||
|---|---|---|---|
| 008 | 170316s9999 xx 000 0 und d | ||
| 040 | |a cru BVZT | ||
| 090 | |a 820 D-5h | ||
| 100 | |a Dickens, Charles | ||
| 245 | |a Historia de dos ciudades | ||
| 260 | |a San José, Costa Rica | ||
| 260 | |b Editorial Costa Rica | ||
| 260 | |c 1977 | ||
| 300 | |a 333 páginas | ||
| 520 | |a Novela histórica ambientada en los turbulentos años de la revolución francesa, donde se relata la historia de los protagonistas en las ciudades de Londres y París, que se encuentran en una situación de tensión por la época. Allí la historias de los personajes se verán envueltas en toda la situación y cómo éstas serán resueltas por un noble sacrificio. Esta obra está en español. | ||
| 650 | |a LITERATURA INGLESA |9 12 | ||
| 650 | |a HISTORIA DE AMOR | ||
| 999 | |c 6862 |d 6862 | ||
| 942 | |c 15 D |h 820 D-5h |2 z | ||
